000 00673nam a2200265Ia 4500
005 20260121173635.0
008 008 260114s9999 xx 000 0 eng d
020 _a9789463002530
037 _aEBOOK
040 _aCRL
040 _beng
040 _cCRL
041 _2eng
041 _aeng
084 _qCRL
100 _aMonica Taylor Emily J. Klein
_91103369
245 2 _aA Year in the Life of a Third Space Urban Teacher Residency
260 _bSpringer
260 _bSpringer
260 _c2015
856 _uhttps://link.springer.com/openurl?genre=book&isbn=978-94-6300-253-0
942 _cEBOOK
999 _c1669114
_d1669114